Movies Quiz

Random Movies or Actor Quiz

5-Star Actors VI Quiz Stats

 Plays Quiz Updated Oct 17, 2014

Score 0/60 Timer 07:00
11 Plays Today
% Correct
Dumb & Dumber
95.9%
Liar Liar
95%
The Truman Show
94.6%
Beverly Hills Cop
93.5%
Coming to America
87.8%
Anchorman: The Legend of Ron Burgundy
87.6%
Kindergarten Cop
86.1%
Field of Dreams
85.6%
American Beauty
85.3%
Pretty Woman
84.4%
Yes Man
83.5%
Waterworld
83.5%
Ted
81.7%
Shrek
81.6%
Ray
81.1%
Total Recall
80.4%
Blades of Glory
80.4%
Step Brothers
80.3%
Twins
79.7%
Django Unchained
78.4%
The Usual Suspects
77.4%
Man on the Moon
77.3%
An Officer and a Gentleman
76.9%
True Lies
76.6%
Trading Places
76.1%
First Blood
76.1%
Boogie Nights
75%
Bull Durham
74.1%
Predator
73.9%
Cliffhanger
72.9%
% Correct
The Fighter
72.4%
Tin Cup
71.7%
JFK
70.3%
Chicago
69.1%
Moulin Rouge!
69%
48 Hrs.
68.6%
Demolition Man
68.7%
Crazy, Stupid, Love.
67.4%
Trainspotting
67.4%
Drive
64.4%
American Gigolo
64.1%
The Perfect Storm
64%
K-PAX
63.9%
Big Fish
62.3%
Cop Land
59.4%
Collateral
59.3%
Shooter
59.1%
Tango & Cash
58.3%
Stranger Than Fiction
57.7%
The Campaign
57%
The Place Beyond the Pines
55.6%
The Ides of March
53.5%
Blue Valentine
53.4%
Primal Fear
49.3%
Law Abiding Citizen
47.3%
Black Hawk Down
44.2%
The Shipping News
37%
The Kingdom
35.9%
The Impossible
31.6%
Ordinary Decent Criminal
23.6%

You're not logged in!

Compare scores with friends on all Sporcle quizzes.
OR
Log In

You Might Also Like...

Show Comments

Extras

Top Quizzes Today


Score Distribution

Your Account Isn't Verified!

In order to create a playlist on Sporcle, you need to verify the email address you used during registration. Go to your Sporcle Settings to finish the process.

Report this User

Report this user for behavior that violates our Community Guidelines.

Details: